Resumen de la gestión del rectorado : 1988-1992 / Carlos Escandón Domínguez

Сохранить в:
Библиографические подробности
Главный автор: Escandón Domínguez, Carlos (autor)
Формат:
Предметы:
Метки: Добавить метку
Нет меток, Требуется 1-ая метка записи!

MARC

LEADER 00000nam^a2200000^u^4500
001 000551970
005 20250521000000.0
008 060220s1000^^^^^^^^^^^^r^^^^^000^0^spa^d
009 20260310131607.085
035 |a FMI 000021758 
037 |a Acervo Xavier Clavigero 
096 |a 8.7.1/59/D 
100 |a Escandón Domínguez, Carlos  |e (autor) 
245 1 0 |a Resumen de la gestión del rectorado : 1988-1992 / Carlos Escandón Domínguez 
264 |a México : Universidad Iberoamericana, 1992 
300 |a 31 p. 
336 |a texto  |b txt  |2 rdacontenido 
337 |a sin mediación  |b n  |2 rdamedio 
338 |a volumen  |b nc  |2 rdasoporte 
649 |a XX 
650 |a Educación 
910 |a Fondo Francisco Migoya Covarrubias S.J. 
920 |a Impresos - Libros 
930 |a Fondos Especiales 
905 |a 134 
901 |a SBC17917  |b IT2  |c ESP  |u 20250521 
902 |a https://opac.biblio.iteso.mx/vufind/Record/000551970